Progress in Cryptology - INDOCRYPT 2011 : 12th International Conference on Cryptology in India, Chennai, India, December 11-14, 2011

Salvato in:
Dettagli Bibliografici
Altri autori: Bernstein, Daniel J. (Redattore), Chatterjee, Sanjit (Redattore)
Natura: Libro
Lingua:inglese
Pubblicazione: Berlin : Springer Verlag, 2011
Soggetti:
Tags: Aggiungi Tag
Nessun Tag, puoi essere il primo ad aggiungerne!!

MARC

LEADER 00000nam a22000003a 4500
001 stu282922
005 20150617230251.0
008 140127s--------gw------------------eng-d
020 |a 978-3-642-25577-9 
040 |a STU  |b slo 
041 0 |a eng 
044 |a gw 
080 |a 004.056.53 
080 |a 519.72 
100 1 |a Bernstein, Daniel J.  |4 edt 
245 1 |a Progress in Cryptology - INDOCRYPT 2011 :  |b 12th International Conference on Cryptology in India, Chennai, India, December 11-14, 2011 
260 |a Berlin :  |b Springer Verlag,  |c 2011 
300 |a 400 s 
650 7 |a teória informácie  |2 stusub 
650 7 |a ochrana dát  |2 stusub 
700 1 |a Chatterjee, Sanjit  |4 edt 
996 |b 284EK89298  |c E*89298  |l EE35  |s P  |a 0  |w stu282922_0001